Algebra y funciones elementales, curso propedéutico

Bibliographic Details
Main Author: Walsh M, Carlos J.
Format: Section = Libro
Language:Undetermined
Spanish
Published: Managua UNI 2005
Subjects:
LEADER 00624nam a2200217Ia 4500
008 240830s9999 xx 000 0 und d
040 |a B-ESTELÍ- RUACS / 512.1 W223 
041 |a spa 
082 |a 512.1 W223 
100 1 |a Walsh M, Carlos J. 
245 1 0 |a Algebra y funciones elementales, curso propedéutico 
260 |a Managua  |b UNI  |c 2005 
300 |a 236 p. :il 
650 7 |a ALGEBRA 
650 7 |b  MATRICES - CONCEPTOS MATRICES Y SISTEMAS DE ECUACIONES 
650 7 |c  FUNCIONES DE VARIABLES REAL 
650 7 |d  TRIGONOMETRIA 
650 7 |e  ECUACIONES TRIGONOMETRICAS 
942 |c BK  |2 ddc 
991 |a TEXTO 
999 |c 10915